LIBRARY & INFORMATION CENTRE, KCAET, TAVANUR

ONLINE PUBLIC ACCESS CATALOGUE (OPAC)

Expert committee on rabies / (Record no. 4786)

MARC details
000 -LEADER
fixed length control field 01285cam a2200193ua 4500
041 ## - LANGUAGE CODE
Language code of text/sound track or separate title eng
082 ## - DEWEY DECIMAL CLASSIFICATION NUMBER
Classification number 616.95306
Item number WHO/EX
245 ## - TITLE STATEMENT
Title Expert committee on rabies /
260 ## - PUBLICATION, DISTRIBUTION, ETC. (IMPRINT)
Place of publication Geneva :
Name of publisher World Health Organisation ,
Year of publication 1957.
300 ## - PHYSICAL DESCRIPTION
Number of Pages 32 ; .
490 0# - SERIES STATEMENT
Series statement WHO Technical Reports,
Volume number/sequential designation 121
942 ## - ADDED ENTRY ELEMENTS (KOHA)
Koha item type Books
Holdings
Withdrawn status Lost status Damaged status Home library Current library Date acquired Full call number Accession Number Koha item type
Withdrawn     KAUAET KAUAET 07/04/2012 616.95306 7650 Books
free website counter